| 000 | 00000nam##2200000za#4500 |
| 001 | 9.573023 |
| 003 | CaOODSP |
| 005 | 20210624183514 |
| 007 | cr ||||||||||| |
| 008 | 150406|2002||||xxc|||||o f|0| 0 eng|d |
| 040 | |aCaOODSP|beng |
| 043 | |an-cn--- |
| 086 | 1 |aBT31-4/73-2002E-PDF |
| 110 | 1 |aCanada. |bTreasury Board. |
| 245 | 10|aSocial Sciences and Humanities Research Council of Canada, performance report for the period ending March 31, 2002 |h[electronic resource] |
| 260 | |aOttawa - Ontario : |bTreasury Board of Canada Secretariat |cc2002. |
| 300 | |a54p.|bgraphs, references, tables |
| 490 | 1 |aPerformance report for the period ending March 31, 2002 |vFor the period ending March 31, 2002 |
| 500 | |aThe catalogue number (BT31-4/73-2002) and ISBN (0-660-62152-5) for the bilingual print edition have been incorrectly copied in this electronic publication. |
| 590 | |a12-18-Supp|b2012-04-25 |
| 775 | 08|tConseil des recherches en sciences humaines du Canada, rapport sur le rendement pour la période se terminant le 31 mars 2002 |w(CaOODSP)9.603266 |
| 776 | 0#|tConseil de recherches en sciences humaines du Canada |w(CaOODSP)9.536911 |
| 776 | 0#|tSocial Sciences and Humanities Research Council of Canada |w(CaOODSP)9.536910 |
| 830 | #0|aPerformance report for the period ending March 31, 2002 ;|vFor the period ending March 31, 2002|w(CaOODSP)9.506264 |
| 856 | 40|ahttp://publications.gc.ca|qPDF|s521 KB|uhttps://publications.gc.ca/collections/collection_2012/sct-tbs/BT31-4-73-2002-eng.pdf|yFor the period ending March 31, 2002 |